Normal view MARC view

Entry Nombre geográfico

Number of records used in: 2

001 - NÚMERO DE CONTROL

  • campo de control: 94650

003 - IDENTIFICADOR DE NÚMERO DE CONTROL

  • campo de control: mxcmmo

005 - FECHA Y HORA DE LA ÚLTIMA TRANSACCIÓN

  • campo de control: 20241018023359.0

008 - ELEMENTOS DE DATO DE LONGITUD-FIJA

  • campo de control de longitud fija: 241018|| aca||aabn | a|a d

040 ## - FUENTE DE CATALOGACIÓN

  • Centro catalogador/agencia de origen: mxcmmo
  • Centro/agencia transcriptor: mxcmmo

151 ## - ENCABEZAMIENTO--NOMBRE GEOGRÁFICO

  • Nombre geográfico: Tehuantepec, Istmo de
  • Subdivisión general: Condiciones económicas
  • Subdivisión general: Historia

670 ## - FUENTE DE DATOS ENCONTRADOS

  • Cita de la fuente: Work cat.: (mxcmmo)51734: Toledo, Alejandro autor 56598, Geopolítica y desarrollo en el Istmo de Tehuantepec